01926nam a2200373uu 4500001000800000005001700008007001000025008004100035035001200076040001300088041000800101080000800109100004700117245008900164260004300253300001800296500009100314520061300405650003801018650003601056650003801092650004001130650003501170650004101205650004301246700005601289700004701345700004801392700006001440942001301500999001901513502001201532526000801544103656720260207100203.0cr|||||||070712e20070130 spa  a1036567 ccomduadb aspa aEFP10aArango Arango, Elizabeth4auteaut943747610aEstudio de inversión en la maquinaria para centro de corte en grupo confeccionista aMedellín :b[sin publicador],c2007. a134 páginas aLocalización: Centro de Documentación CENDOI, 20 -146. Clasificación: EFP 03548.3 aEl presente trabajo es un estudio a nivel de pre factibilidad, sobre la inversión en maquinaria para el Centro de Corte del Grupo Confeccionista. El Centro de Corte, es una empresa existente, por lo tanto se trata de un proyecto incremental que busca hacer frente a las condiciones del mercado que exigen bajos precios y flexibilidad en los servicios de corte en la cadena textil en Antioquia. El estudio incluye análisis del sector, análisis de los mercados, análisis técnico y programación del proyecto, análisis legal y de impacto ambiental y social, estudio financiero y estudio de riesgos. aEstudio de prefactibilidad976367 aEstudios de inversión9160588 aMaquinaria de confección971793 aIndustria de la confección970603 aEvaluación financiera928661 7aAnálisis de mercadeo2lemb9217531 7aEvaluación de riesgos2armarc91342610aMúnera Álvarez, Beatriz Elena4auteaut943747810aRuiz Rodas, Clara Inés4auteaut958717710aGallego Márquez, Javier4drtedrt943747910aBustamante Álzate, Guillermo León4thseths9535213 cTESISn0 c420291d420291 b189c17 a191